|
|
|
|
| LEADER |
00000nam a2200000 a 4500 |
| 001 |
vtls001411842 |
| 003 |
SK-MaSNL |
| 005 |
20260425222337.0 |
| 008 |
160415c2000 xo p y 0 slo |
| 015 |
|
|
|a SNBE2001/03-01734
|
| 035 |
|
|
|a SNK000366551
|
| 040 |
|
|
|a SNK
|b slo
|c SNK
|e AACR2
|
| 041 |
0 |
|
|a slo
|
| 044 |
|
|
|a xo
|c SK
|
| 080 |
|
|
|a 373.6(437.6)(073)(083.9)"2000/2001"
|2 1981
|
| 245 |
1 |
|
|a Sieť stredných a odborných škôl a gymnázií v školskom roku 2000/2001
|c spracoval: Alžbeta Ferenčičová, Danica Liptáková
|
| 260 |
|
|
|a Bratislava
|b Ústav informácií a prognóz školstva
|c 2000
|
| 300 |
|
|
|a 202 s.
|b tab.
|c 15x21 cm
|
| 500 |
|
|
|a 150 výt.
|
| 650 |
0 |
7 |
|a školy stredné odborné
|x gymnáziá
|z Slovensko
|y šk. r. 2000-2001
|x programy študijné
|x spravodaje informačné
|2 SNK
|9 297563
|
| 650 |
0 |
7 |
|a gymnáziá
|z Slovensko
|y šk. r. 2000-2001
|x programy študijné
|x spravodaje informačné
|2 SNK
|9 297564
|
| 651 |
|
7 |
|a Slovensko
|2 SNK
|9 14231
|
| 655 |
|
7 |
|a informačné publikácie
|2 SNK
|9 70181
|
| 700 |
1 |
|
|a Ferenčičová, Alžbeta
|4 com
|9 43680
|
| 700 |
1 |
|
|a Liptáková, Danica
|4 com
|9 45354
|
| 710 |
0 |
|
|a Ústav informácií a prognóz školstva
|4 vyd
|9 232450
|
| 958 |
|
|
|a TL
|
| 999 |
|
|
|c 553613
|d 555543
|
| 952 |
|
|
|t P60, <06>, [BOOK], {606}
|a SNK
|b SNK
|y PREZ
|7 0
|p 17A0298120
|o snkČSE 231/2000/2001
|i snkKSP 5560/2001
|0 0
|1 0
|4 0
|d 2001-04-23
|l 0
|r 2005-01-02 00:00:00
|w 2026-02-23
|
| 952 |
|
|
|t P60, <06>, [BOOK], {606}
|a SNK
|b SNK
|y PREZ
|7 0
|p 17A0298121
|o snkČSE 231/2000/2001 D1
|i snkKSP 5561/2001
|0 0
|1 0
|4 0
|d 2001-04-23
|l 0
|r 2005-01-02 00:00:00
|w 2026-02-23
|